Vylepšovanie používateľského zážitku v prostredí virtuálnej reality
Uložené v:
| Hlavný autor: | |
|---|---|
| Ďalší autori: | |
| Médium: | Rukopis Kniha |
| Jazyk: | Slovak |
| Vydavateľské údaje: |
2025
|
| Predmet: | |
| On-line prístup: | http://is.stuba.sk/zp/portal_zp.pl?podrobnosti=175332 |
| Tagy: |
Žiadne tagy, Buďte prvý, kto otaguje tento záznam!
|
MARC
| LEADER | 00000ntm a22000003a 4500 | ||
|---|---|---|---|
| 001 | stuzp102818 | ||
| 003 | SK-STU | ||
| 005 | 20250614211454.9 | ||
| 007 | ta | ||
| 008 | 150427s2015----xo-----f-mn---000-0-slo-d | ||
| 040 | |a STU |b slo | ||
| 041 | 0 | |a slo | |
| 100 | 1 | |a Mikuláš, Milan |u 070200 |4 aut |U FIIT Fakulta informatiky a informačných technológií |T FIIT Ústav informatiky, informačných systémov a softvérového inžinierstva |X 120854 |U I200 |Y 179 |7 120854 | |
| 242 | 0 | 1 | |a Improving User Experience in Virtual Reality Environment |y eng |
| 245 | 1 | 0 | |a Vylepšovanie používateľského zážitku v prostredí virtuálnej reality |
| 260 | |c 2025 | ||
| 650 | 4 | |a VR |2 eng | |
| 650 | 4 | |a UX |2 eng | |
| 650 | 4 | |a EVM |2 eng | |
| 650 | 4 | |a UX |2 slo | |
| 650 | 4 | |a VR |2 slo | |
| 650 | 4 | |a EVM |2 slo | |
| 700 | 1 | |a Kuric, Eduard |u 070200 |k Z1 |4 ths |U FIIT Fakulta informatiky a informačných technológií |T FIIT Ústav informatiky, informačných systémov a softvérového inžinierstva |X 17452 |U I200 |Y 179 |7 17452 | |
| 856 | 4 | |u http://is.stuba.sk/zp/portal_zp.pl?podrobnosti=175332 | |